000 00284nam a22001337a 4500
008 170801b xxu||||| |||| 00| 0 eng d
020 _a9780333489482
041 _aeng
080 _a004
100 _a32
101 _aSHK
245 _aPCR TECHNOLOGY
_cERLICH,H.A
942 _2udc
_cBK
999 _c22338
_d22338